Diseño de ingeniería; inventiva, análisis y toma de decisiones
Guardado en:
| Autor principal: | |
|---|---|
| Formato: | Libro |
| Lenguaje: | Spanish |
| Publicado: |
México : Editorial Limusa
1979
|
| Materias: | |
| Etiquetas: |
Agregar Etiqueta
Sin Etiquetas, Sea el primero en etiquetar este registro!
|
MARC
| LEADER | 00000nam a2200000Ia 4500 | ||
|---|---|---|---|
| 003 | 000477 | ||
| 005 | 20221231144007.0 | ||
| 008 | 140114s1979 mx a 000 ||spa d | ||
| 040 | |c cru CEDI | ||
| 082 | |a 620 D621d | ||
| 100 | |a Dixon, John R. |9 19792 | ||
| 245 | |a Diseño de ingeniería; inventiva, análisis y toma de decisiones | ||
| 260 | |a México : Editorial Limusa |c 1979 | ||
| 300 | |a 395 páginas ; ilustraciones | ||
| 650 | |x INGENIERIA |x INGENIERIA DE METODOS |9 19793 | ||
| 942 | |2 ddc |c BK | ||
| 999 | |c 15320 |d 15320 | ||
